Riddles #1 - Statistics

General Stats
  • This quiz has been taken 228 times
    215 since last reset
  • The average score is 10 of 25
Answer Stats
Riddle Answer % Correct
What has hands but does not clap? A Clock
86%
What occurs once in a minute, twice in a moment, and never in one thousand years? The letter 'M'
70%
No sooner spoken than broken. What is it? Silence
65%
I get smaller every time I take a bath. What am I? Soap
63%
What's black and white and read all over? A Newspaper
62%
What goes up when rain comes down? A Umbrella
56%
I am at the center of the Earth or an apple and can be the most important or basic things. What am I? Core
50%
Give me food, and I will live; give me water, and I will die. What am I? Fire
50%
Every night I'm told what to do, and each morning I do what I'm told. But I still don't escape your scold. What am I? An Alarm Clock
46%
No matter how little or much you use me, you change me every month. What am I? A Calendar
45%
I can only live when there is light, although I die if the light shines on me. What am I? A Shadow
44%
If a man carried my burden, he would break his back. I am not rich, but I leave silver in my tracking. What am I? A Snail
41%
Who gets paid when they drive away their customers? A Taxi Driver
40%
I could be Blue or Beluga or just a very good time. What am I? A Whale
35%
I have a few points but we're not competing. And I'll help you win when you're eating. What am I? A Fork
33%
Most think I am the hardest but I could be a suit but I know I am a girl's best friend. What am I? A Diamond
32%
Forward, I'm heavy. Backwards, I'm not. What am I? A Ton
30%
I am a word that precedes pit, castle and bag. What am I? Sand
30%
Which place is round on both sides and says 'hi' in the middle? Ohio
27%
Whom do all people gaze at with an open mouth? Dentist
22%
You can see nothing else, when you look in my face, I will look you in the eye, and I will never lie. What am I? Reflection
19%
Soft and fragile is my skin. I get my growth in mud. I'm dangerous as much as pretty. For if not careful, I draw blood. What am I? A Thorn
12%
Hold me in your hand, and I'll show you the light. No food I cannot withstand, keeping my work out of sight. What am I? Flashlight/Torch
12%
I am a tool, a search for oil or an activity. What am I? A Drill
11%
I'm fatherless and motherless, and born without sin. Roaring when entering the world, never have I spoken again. What am I? Thunder
5%
No matching quizzes found
Score Distribution
Percent of People with Each Score
Percentile by Number Answered
Your Score History
You have not taken this quiz since the last reset